[Event "Women's Baku Chess Olympiad"]
[Site "chess24.com"]
[Date "2016.09.10"]
[Round "8"]
[White "Pratyusha, Bodda"]
[Black "Nadirjanova, Nodira"]
[Result "1/2-1/2"]
[Board "4"]
[WhiteID "5000629"]
[WhiteElo "2287"]
[WhiteTitle "WIM"]
[WhiteCountry "IND"]
[WhiteFideId "5000629"]
[WhiteEloChange "-4"]
[BlackID "14201232"]
[BlackElo "2126"]
[BlackCountry "UZB"]
[BlackFideId "14201232"]
[BlackEloChange "4"]

1. d4 {[%clk 1:30:28]} d5 {[%clk 1:30:44]} 2. c4 {[%clk 1:30:37]} c6 {[%clk
1:30:57]} 3. Nc3 {[%clk 1:30:32]} Nf6 {[%clk 1:30:42]} 4. e3 {[%clk 1:30:41]} a6
{[%clk 1:29:13]} 5. Nf3 {[%clk 1:28:14]} Bf5 {[%clk 1:24:19]} 6. Ne5 {[%clk
1:26:05]} e6 {[%clk 1:19:42]} 7. Be2 {[%clk 1:22:30]} h6 {[%clk 1:13:18]} 8. O-O
{[%clk 1:20:01]} Nbd7 {[%clk 1:09:45]} 9. f4 {[%clk 1:18:34]} Bd6 {[%clk
0:59:31]} 10. Bd2 {[%clk 1:10:40]} O-O {[%clk 0:54:11]} 11. Be1 {[%clk 1:02:01]}
Ne4 {[%clk 0:44:18]} 12. cxd5 {[%clk 0:50:44]} cxd5 {[%clk 0:41:31]} 13. Qb3
{[%clk 0:44:44]} Nxc3 {[%clk 0:38:48]} 14. Bxc3 {[%clk 0:43:54]} f6 {[%clk
0:37:39]} 15. Nf3 {[%clk 0:39:46]} Qb6 {[%clk 0:34:59]} 16. Qd1 {[%clk 0:36:49]}
Be4 {[%clk 0:30:11]} 17. Qd2 {[%clk 0:34:58]} a5 {[%clk 0:27:21]} 18. a4 {[%clk
0:31:20]} Nb8 {[%clk 0:27:22]} 19. Bb5 {[%clk 0:29:51]} Nc6 {[%clk 0:27:17]} 20.
Kh1 {[%clk 0:21:20]} Rf7 {[%clk 0:27:00]} 21. Ng1 {[%clk 0:21:21]} Re7 {[%clk
0:24:40]} 22. Ne2 {[%clk 0:21:01]} Nb4 {[%clk 0:22:18]} 23. Kg1 {[%clk 0:19:35]}
Rd8 {[%clk 0:21:01]} 24. Nc1 {[%clk 0:19:06]} e5 {[%clk 0:20:34]} 25. Nb3 {[%clk
0:18:15]} exf4 {[%clk 0:20:13]} 26. exf4 {[%clk 0:18:41]} Qa7 {[%clk 0:17:55]}
27. Rac1 {[%clk 0:14:29]} b6 {[%clk 0:18:07]} 28. Bxb4 {[%clk 0:12:27]} Bxb4
{[%clk 0:18:24]} 29. Qf2 {[%clk 0:12:50]} Rc7 {[%clk 0:17:10]} 30. Rxc7 {[%clk
0:12:48]} Qxc7 {[%clk 0:17:35]} 31. Rc1 {[%clk 0:12:39]} Qb7 {[%clk 0:15:28]} 32.
Bc6 {[%clk 0:12:36]} Qb8 {[%clk 0:14:52]} 33. Nd2 {[%clk 0:11:16]} f5 {[%clk
0:13:02]} 34. g3 {[%clk 0:08:31]} Qd6 {[%clk 0:11:32]} 35. Nf3 {[%clk 0:07:18]}
Bxf3 {[%clk 0:10:56]} 36. Qxf3 {[%clk 0:07:44]} Qe6 {[%clk 0:10:55]} 37. Kg2
{[%clk 0:05:58]} Kh7 {[%clk 0:10:27]} 38. Bb5 {[%clk 0:05:42]} Qe4 {[%clk
0:09:29]} 39. Bd3 {[%clk 0:03:40]} Qxd4 {[%clk 0:09:39]} 40. Bxf5+ {[%clk
0:34:05]} Kh8 {[%clk 0:40:04]} 41. Rc2 {[%clk 0:33:25]} Bc5 {[%clk 0:39:51]} 42.
b3 {[%clk 0:30:12]} Rf8 {[%clk 0:31:20]} 43. Bg6 {[%clk 0:26:34]} Qf6 {[%clk
0:27:46]} 44. Qd3 {[%clk 0:24:14]} d4 {[%clk 0:24:07]} 45. Re2 {[%clk 0:22:52]}
Qd8 {[%clk 0:22:54]} 46. Re5 {[%clk 0:21:44]} Qc8 {[%clk 0:20:44]} 47. Bh5 {[%clk
0:18:35]} Bb4 {[%clk 0:19:09]} 48. Bd1 {[%clk 0:17:32]} Qc6+ {[%clk 0:15:01]} 49.
Kf2 {[%clk 0:12:53]} Rc8 {[%clk 0:15:09]} 50. Qf5 {[%clk 0:10:16]} d3 {[%clk
0:14:47]} 51. Qe4 {[%clk 0:08:17]} Qxe4 {[%clk 0:08:19]} 52. Rxe4 {[%clk
0:08:43]} Kh7 {[%clk 0:04:40]} 53. Rc4 {[%clk 0:07:11]} Re8 {[%clk 0:05:05]} 54.
Bf3 {[%clk 0:06:11]} Bc5+ {[%clk 0:05:20]} 55. Kg2 {[%clk 0:05:41]} d2 {[%clk
0:04:24]} 56. Rc3 {[%clk 0:05:02]} Rd8 {[%clk 0:03:24]} 57. Bd1 {[%clk 0:05:10]}
Bb4 {[%clk 0:03:46]} 58. Rf3 {[%clk 0:05:09]} Re8 {[%clk 0:04:01]} 59. Rd3 {[%clk
0:04:53]} Re1 {[%clk 0:03:17]} 60. Bf3 {[%clk 0:05:11]} Kg6 {[%clk 0:03:29]} 61.
g4 {[%clk 0:04:10]} Kf6 {[%clk 0:03:36]} 62. h3 {[%clk 0:03:38]} g5 {[%clk
0:02:14]} 63. Kg3 {[%clk 0:02:47]} Rg1+ {[%clk 0:01:35]} 64. Kf2 {[%clk 0:03:07]}
Rc1 {[%clk 0:01:46]} 65. f5 {[%clk 0:03:05]} Re1 {[%clk 0:01:51]} 66. Be2 {[%clk
0:02:56]} Rc1 {[%clk 0:01:16]} 67. Bf3 {[%clk 0:03:12]} Rc7 {[%clk 0:01:34]} 68.
Be2 {[%clk 0:02:59]} h5 {[%clk 0:01:56]} 69. Bf3 {[%clk 0:01:55]} h4 {[%clk
0:01:39]} 70. Bd1 {[%clk 0:02:14]} Re7 {[%clk 0:01:49]} 71. Bf3 {[%clk 0:01:49]}
Re1 {[%clk 0:01:28]} 72. Be2 {[%clk 0:02:07]} Rh1 {[%clk 0:01:22]} 73. Kg2 {[%clk
0:02:22]} Rc1 {[%clk 0:01:42]} 74. Kf2 {[%clk 0:02:28]} Bc5+ {[%clk 0:01:09]} 75.
Kf3 {[%clk 0:02:26]} Rh1 {[%clk 0:01:16]} 76. Kg2 {[%clk 0:02:27]} Rb1 {[%clk
0:01:35]} 77. Rxd2 {[%clk 0:01:38]} Rxb3 {[%clk 0:02:00]} 78. Bb5 {[%clk
0:01:25]} Rg3+ {[%clk 0:02:03]} 79. Kh2 {[%clk 0:01:50]} Ke5 {[%clk 0:01:45]} 80.
Rg2 {[%clk 0:01:58]} Rc3 {[%clk 0:01:55]} 81. Re2+ {[%clk 0:02:02]} Be3 {[%clk
0:02:08]} 82. Kg2 {[%clk 0:02:24]} Kf6 {[%clk 0:01:52]} 83. Re1 {[%clk 0:02:34]}
Kf7 {[%clk 0:01:30]} 84. Rd1 {[%clk 0:02:33]} Kf6 {[%clk 0:01:28]} 85. Rd6+
{[%clk 0:02:46]} Ke5 {[%clk 0:01:50]} 86. Re6+ {[%clk 0:01:50]} Kf4 {[%clk
0:01:26]} 87. f6 {[%clk 0:01:32]} Rc2+ {[%clk 0:01:35]} 88. Kf1 {[%clk 0:01:54]}
Bc5 {[%clk 0:01:49]} 89. Re2 {[%clk 0:01:04]} Rxe2 {[%clk 0:02:04]} 90. Kxe2
{[%clk 0:01:04]} Kg3 {[%clk 0:02:30]} 91. f7 {[%clk 0:01:05]} Kxh3 {[%clk
0:02:54]} 92. Kf3 {[%clk 0:01:32]} Kh2 {[%clk 0:03:15]} 93. Bf1 {[%clk 0:01:00]}
h3 {[%clk 0:03:18]} 94. Ke4 {[%clk 0:00:35]} Kg3 {[%clk 0:03:25]} 95. Be2 {[%clk
0:01:01]} h2 {[%clk 0:01:15]} 96. Bf3 {[%clk 0:01:29]} Kf2 {[%clk 0:01:26]} 97.
Bh1 {[%clk 0:01:43]} Kg1 {[%clk 0:01:49]} 98. Bf3 {[%clk 0:02:09]} Kf2 {[%clk
0:01:47]} 99. Bh1 {[%clk 0:02:32]} Kg1 {[%clk 0:01:54]} 100. Bf3 {[%clk 0:02:59]}
Kf2 {[%clk 0:01:48]} 101. Bh1 {[%clk 0:03:26]} Kg1 {[%clk 0:01:48]} 102. Bf3
{[%clk 0:03:26]} 1/2-1/2

[Event "Women's Baku Chess Olympiad"]
[Site "chess24.com"]
[Date "2016.09.10"]
[Round "8"]
[White "Heredia Serrano, Carla"]
[Black "Videnova, Iva"]
[Result "1-0"]
[Board "2"]
[WhiteID "3603687"]
[WhiteElo "2075"]
[WhiteTitle "WGM"]
[WhiteCountry "ECU"]
[WhiteFideId "3603687"]
[WhiteEloChange "17"]
[BlackID "2907763"]
[BlackElo "2386"]
[BlackTitle "IM"]
[BlackCountry "BUL"]
[BlackFideId "2907763"]
[BlackEloChange "-17"]

1. e4 {[%clk 1:30:58]} c5 {[%clk 1:30:51]} 2. Nc3 {[%clk 1:31:20]} Nc6 {[%clk
1:31:13]} 3. Bb5 {[%clk 1:31:46]} Nd4 {[%clk 1:31:35]} 4. Nf3 {[%clk 1:32:11]} e6
{[%clk 1:29:30]} 5. O-O {[%clk 1:25:44]} a6 {[%clk 1:29:19]} 6. Bd3 {[%clk
1:25:56]} Ne7 {[%clk 1:26:35]} 7. Nxd4 {[%clk 1:14:38]} cxd4 {[%clk 1:26:49]} 8.
Ne2 {[%clk 1:14:50]} Nc6 {[%clk 1:26:59]} 9. c3 {[%clk 1:14:12]} Bc5 {[%clk
1:11:05]} 10. b4 {[%clk 1:07:01]} Ba7 {[%clk 1:10:17]} 11. Bb2 {[%clk 1:00:36]}
d5 {[%clk 1:03:46]} 12. Qc2 {[%clk 0:45:46]} h6 {[%clk 0:55:10]} 13. exd5 {[%clk
0:29:20]} Qxd5 {[%clk 0:54:43]} 14. a4 {[%clk 0:27:15]} e5 {[%clk 0:35:47]} 15.
b5 {[%clk 0:25:14]} Ne7 {[%clk 0:31:08]} 16. bxa6 {[%clk 0:23:56]} Rb8 {[%clk
0:30:08]} 17. cxd4 {[%clk 0:10:16]} bxa6 {[%clk 0:28:26]} 18. Ng3 {[%clk
0:07:28]} Rxb2 {[%clk 0:18:16]} 19. Qxb2 {[%clk 0:07:57]} Bxd4 {[%clk 0:18:36]}
20. Qa3 {[%clk 0:07:50]} Bxa1 {[%clk 0:15:22]} 21. Rxa1 {[%clk 0:08:18]} f5
{[%clk 0:14:29]} 22. Rc1 {[%clk 0:06:04]} Bb7 {[%clk 0:13:00]} 23. Bf1 {[%clk
0:05:45]} f4 {[%clk 0:08:51]} 24. Rc7 {[%clk 0:05:04]} Ng6 {[%clk 0:07:41]} 25.
Nf5 {[%clk 0:03:50]} Kd8 {[%clk 0:06:47]} 26. Rxg7 {[%clk 0:04:01]} Rg8 {[%clk
0:06:12]} 27. Rxg8+ {[%clk 0:03:25]} Qxg8 {[%clk 0:06:38]} 28. Qd6+ {[%clk
0:03:25]} Kc8 {[%clk 0:06:41]} 29. Qxg6 {[%clk 0:01:12]} Qxg6 {[%clk 0:06:29]}
30. Ne7+ {[%clk 0:01:41]} Kd7 {[%clk 0:06:50]} 31. Nxg6 {[%clk 0:02:09]} Ke6
{[%clk 0:07:10]} 32. f3 {[%clk 0:02:01]} Kf6 {[%clk 0:06:45]} 33. Bd3 {[%clk
0:01:22]} a5 {[%clk 0:07:04]} 34. Nh4 {[%clk 0:01:13]} Bc6 {[%clk 0:07:20]} 35.
Bc2 {[%clk 0:01:30]} Ke6 {[%clk 0:06:41]} 36. Kf2 {[%clk 0:01:29]} Kd6 {[%clk
0:07:02]} 37. Nf5+ {[%clk 0:01:00]} Kc5 {[%clk 0:07:28]} 38. Nxh6 {[%clk
0:00:56]} Kb4 {[%clk 0:07:55]} 39. Nf7 {[%clk 0:00:41]} Bxa4 {[%clk 0:08:08]} 40.
Bxa4 {[%clk 0:30:46]} Kxa4 {[%clk 0:38:32]} 41. Nxe5 {[%clk 0:27:30]} Kb3 {[%clk
0:36:35]} 42. Nd3 {[%clk 0:27:45]} 1-0

[Event "Women's Baku Chess Olympiad"]
[Site "chess24.com"]
[Date "2016.09.10"]
[Round "8"]
[White "Nikolova, Adriana"]
[Black "Moncayo Romero, Evelyn"]
[Result "1-0"]
[Board "3"]
[WhiteID "2908689"]
[WhiteElo "2358"]
[WhiteTitle "WGM"]
[WhiteCountry "BUL"]
[WhiteFideId "2908689"]
[WhiteEloChange "3"]
[BlackID "3600424"]
[BlackElo "2046"]
[BlackTitle "WIM"]
[BlackCountry "ECU"]
[BlackFideId "3600424"]
[BlackEloChange "-3"]

1. e4 {[%clk 1:30:56]} c5 {[%clk 1:30:52]} 2. Nf3 {[%clk 1:31:17]} d6 {[%clk
1:31:12]} 3. d4 {[%clk 1:31:35]} cxd4 {[%clk 1:31:33]} 4. Nxd4 {[%clk 1:31:59]}
Nf6 {[%clk 1:31:56]} 5. Nc3 {[%clk 1:32:23]} a6 {[%clk 1:32:20]} 6. Bg5 {[%clk
1:32:42]} Nbd7 {[%clk 1:32:00]} 7. f4 {[%clk 1:30:00]} Qc7 {[%clk 1:31:16]} 8.
Qf3 {[%clk 1:27:26]} e5 {[%clk 1:25:45]} 9. Nf5 {[%clk 1:22:41]} h6 {[%clk
1:25:41]} 10. Bh4 {[%clk 1:14:45]} exf4 {[%clk 1:25:56]} 11. Bxf6 {[%clk
1:14:06]} Nxf6 {[%clk 1:25:41]} 12. Qxf4 {[%clk 1:13:56]} Bxf5 {[%clk 1:19:52]}
13. exf5 {[%clk 1:12:12]} O-O-O {[%clk 1:17:25]} 14. O-O-O {[%clk 1:12:11]} d5
{[%clk 1:15:17]} 15. Qf3 {[%clk 0:26:29]} Qa5 {[%clk 1:00:10]} 16. g3 {[%clk
0:17:51]} d4 {[%clk 0:48:54]} 17. Bg2 {[%clk 0:17:52]} Rd7 {[%clk 0:45:15]} 18.
Rxd4 {[%clk 0:17:22]} Rxd4 {[%clk 0:41:57]} 19. Qxb7+ {[%clk 0:17:46]} Kd8 {[%clk
0:42:24]} 20. Qa8+ {[%clk 0:17:42]} Ke7 {[%clk 0:42:07]} 21. Re1+ {[%clk
0:14:50]} Ne4 {[%clk 0:35:14]} 22. Qa7+ {[%clk 0:13:28]} Kd8 {[%clk 0:32:26]} 23.
Qxd4+ {[%clk 0:13:54]} Nd6 {[%clk 0:32:52]} 24. g4 {[%clk 0:11:21]} h5 {[%clk
0:33:01]} 25. h3 {[%clk 0:07:44]} hxg4 {[%clk 0:33:16]} 26. hxg4 {[%clk 0:08:11]}
Rh2 {[%clk 0:29:54]} 27. Bc6 {[%clk 0:08:34]} Kc7 {[%clk 0:26:17]} 28. Re5 {[%clk
0:07:06]} 1-0

[Event "Women's Baku Chess Olympiad"]
[Site "chess24.com"]
[Date "2016.09.10"]
[Round "8"]
[White "Bosch Garcia, Jacqueline"]
[Black "Raeva, Elitsa"]
[Result "1/2-1/2"]
[Board "4"]
[WhiteID "3503844"]
[WhiteElo "2011"]
[WhiteTitle "WFM"]
[WhiteCountry "ECU"]
[WhiteFideId "3503844"]
[WhiteEloChange "6"]
[BlackID "2906660"]
[BlackElo "2232"]
[BlackTitle "WIM"]
[BlackCountry "BUL"]
[BlackFideId "2906660"]
[BlackEloChange "-6"]

1. e4 {[%clk 1:30:58]} c5 {[%clk 1:30:50]} 2. Nf3 {[%clk 1:30:58]} e6 {[%clk
1:30:18]} 3. d4 {[%clk 1:30:38]} cxd4 {[%clk 1:30:40]} 4. Nxd4 {[%clk 1:31:06]}
Nf6 {[%clk 1:30:55]} 5. Bd3 {[%clk 1:30:56]} Nc6 {[%clk 1:30:10]} 6. c3 {[%clk
1:25:19]} Be7 {[%clk 1:16:51]} 7. O-O {[%clk 1:25:17]} d6 {[%clk 1:16:32]} 8. Na3
{[%clk 1:19:20]} O-O {[%clk 1:13:50]} 9. Qe2 {[%clk 1:14:33]} e5 {[%clk 1:08:14]}
10. Nxc6 {[%clk 1:03:31]} bxc6 {[%clk 1:08:36]} 11. Bg5 {[%clk 1:03:17]} Qc7
{[%clk 0:56:41]} 12. c4 {[%clk 1:01:36]} Rb8 {[%clk 0:55:14]} 13. Rab1 {[%clk
0:56:03]} Re8 {[%clk 0:51:46]} 14. Rfc1 {[%clk 0:49:41]} Nd7 {[%clk 0:47:04]} 15.
Bxe7 {[%clk 0:45:47]} Rxe7 {[%clk 0:47:24]} 16. Nc2 {[%clk 0:43:50]} Nc5 {[%clk
0:45:10]} 17. Ne3 {[%clk 0:43:44]} g6 {[%clk 0:41:58]} 18. b4 {[%clk 0:42:30]}
Ne6 {[%clk 0:39:20]} 19. b5 {[%clk 0:41:50]} Nd4 {[%clk 0:32:42]} 20. Qd2 {[%clk
0:41:32]} Be6 {[%clk 0:30:48]} 21. bxc6 {[%clk 0:26:44]} Rxb1 {[%clk 0:30:59]}
22. Rxb1 {[%clk 0:27:01]} Qxc6 {[%clk 0:30:32]} 23. Nd5 {[%clk 0:26:52]} Bxd5
{[%clk 0:30:06]} 24. cxd5 {[%clk 0:27:14]} Qc8 {[%clk 0:28:05]} 25. Qg5 {[%clk
0:18:48]} Rc7 {[%clk 0:24:39]} 26. h4 {[%clk 0:18:57]} Kg7 {[%clk 0:24:44]} 27.
f3 {[%clk 0:12:36]} Rc3 {[%clk 0:24:11]} 28. Qd2 {[%clk 0:11:43]} Qc5 {[%clk
0:23:08]} 29. Kh1 {[%clk 0:11:56]} Qa3 {[%clk 0:23:05]} 30. Rd1 {[%clk 0:11:16]}
h5 {[%clk 0:19:51]} 31. Kh2 {[%clk 0:07:41]} a5 {[%clk 0:15:39]} 32. Kh1 {[%clk
0:07:53]} a4 {[%clk 0:14:45]} 33. Kh2 {[%clk 0:08:05]} Rc7 {[%clk 0:10:06]} 34.
f4 {[%clk 0:07:09]} f6 {[%clk 0:06:13]} 35. Rf1 {[%clk 0:04:30]} Qc3 {[%clk
0:06:04]} 36. Qd1 {[%clk 0:04:19]} a3 {[%clk 0:05:25]} 37. f5 {[%clk 0:02:41]}
Rb7 {[%clk 0:03:53]} 38. fxg6 {[%clk 0:02:45]} Kxg6 {[%clk 0:04:17]} 39. Be2
{[%clk 0:02:22]} Nxe2 {[%clk 0:03:00]} 40. Qxe2 {[%clk 0:32:51]} Rb2 {[%clk
0:33:10]} 41. Qa6 {[%clk 0:32:55]} Qd2 {[%clk 0:26:22]} 42. Rxf6+ {[%clk
0:32:45]} Kxf6 {[%clk 0:25:28]} 43. Qxd6+ {[%clk 0:33:13]} Kf7 {[%clk 0:25:04]}
44. Qd7+ {[%clk 0:33:28]} Kf8 {[%clk 0:24:37]} 45. Qd8+ {[%clk 0:33:54]} Kf7
{[%clk 0:24:58]} 46. Qd7+ {[%clk 0:34:20]} Kf8 {[%clk 0:25:17]} 1/2-1/2

[Event "Women's Baku Chess Olympiad"]
[Site "chess24.com"]
[Date "2016.09.10"]
[Round "8"]
[White "Dzagnidze, Nana"]
[Black "Lujan, Carolina"]
[Result "1/2-1/2"]
[Board "1"]
[WhiteID "13601903"]
[WhiteElo "2522"]
[WhiteTitle "GM"]
[WhiteCountry "GEO"]
[WhiteFideId "13601903"]
[WhiteEloChange "-2"]
[BlackID "109878"]
[BlackElo "2378"]
[BlackTitle "IM"]
[BlackCountry "ARG"]
[BlackFideId "109878"]
[BlackEloChange "4"]

1. Nf3 {[%clk 1:30:52]} Nf6 {[%clk 1:30:44]} 2. c4 {[%clk 1:31:04]} g6 {[%clk
1:30:57]} 3. b3 {[%clk 1:31:27]} Bg7 {[%clk 1:29:04]} 4. Bb2 {[%clk 1:31:51]} O-O
{[%clk 1:27:40]} 5. g3 {[%clk 1:32:01]} c5 {[%clk 1:18:55]} 6. Bg2 {[%clk
1:31:59]} Nc6 {[%clk 1:18:56]} 7. O-O {[%clk 1:31:57]} d6 {[%clk 1:16:21]} 8. d4
{[%clk 1:26:09]} cxd4 {[%clk 1:07:48]} 9. Nxd4 {[%clk 1:26:30]} Bd7 {[%clk
1:06:05]} 10. e3 {[%clk 1:19:24]} Qa5 {[%clk 1:03:16]} 11. Nc3 {[%clk 1:15:14]}
Rfc8 {[%clk 0:58:20]} 12. a3 {[%clk 1:05:58]} Bg4 {[%clk 0:51:55]} 13. Qd2 {[%clk
0:57:24]} Qh5 {[%clk 0:49:10]} 14. Rfe1 {[%clk 0:53:34]} Rab8 {[%clk 0:41:48]}
15. Rac1 {[%clk 0:41:40]} Bh3 {[%clk 0:32:27]} 16. Bh1 {[%clk 0:23:16]} Ng4
{[%clk 0:24:41]} 17. Nd5 {[%clk 0:21:57]} Re8 {[%clk 0:13:33]} 18. Nf4 {[%clk
0:11:01]} Qh6 {[%clk 0:13:49]} 19. Nxh3 {[%clk 0:09:58]} Nxd4 {[%clk 0:10:58]}
20. Bxd4 {[%clk 0:10:21]} Bxd4 {[%clk 0:10:50]} 21. Bg2 {[%clk 0:09:28]} Bf6
{[%clk 0:09:15]} 22. f3 {[%clk 0:08:16]} Ne5 {[%clk 0:09:39]} 23. Nf2 {[%clk
0:07:23]} Qf8 {[%clk 0:09:35]} 24. f4 {[%clk 0:06:51]} Nc6 {[%clk 0:09:23]} 25.
b4 {[%clk 0:06:41]} Rec8 {[%clk 0:08:51]} 26. Ne4 {[%clk 0:05:29]} Bg7 {[%clk
0:09:14]} 27. c5 {[%clk 0:05:04]} dxc5 {[%clk 0:05:03]} 28. Nxc5 {[%clk 0:05:29]}
Rd8 {[%clk 0:04:22]} 29. Qe2 {[%clk 0:05:45]} e5 {[%clk 0:02:42]} 30. Nxb7 {[%clk
0:02:31]} Rxb7 {[%clk 0:02:57]} 31. Bxc6 {[%clk 0:02:56]} Rb6 {[%clk 0:02:16]}
32. fxe5 {[%clk 0:01:55]} Bxe5 {[%clk 0:02:24]} 33. Qc4 {[%clk 0:01:57]} Kg7
{[%clk 0:01:07]} 34. Rcd1 {[%clk 0:01:00]} Rd6 {[%clk 0:01:13]} 35. Bd5 {[%clk
0:00:52]} Rf6 {[%clk 0:01:24]} 36. Rf1 {[%clk 0:01:02]} Qb8 {[%clk 0:01:26]} 37.
Bg2 {[%clk 0:01:04]} Rxf1+ {[%clk 0:01:23]} 38. Rxf1 {[%clk 0:01:28]} Rf6 {[%clk
0:01:48]} 39. Rd1 {[%clk 0:01:28]} Bc7 {[%clk 0:01:01]} 40. Qc3 {[%clk 0:31:01]}
Be5 {[%clk 0:31:04]} 41. Qb3 {[%clk 0:27:52]} h5 {[%clk 0:29:36]} 42. Qc4 {[%clk
0:22:01]} Rd6 {[%clk 0:26:46]} 43. Rd5 {[%clk 0:20:08]} Rxd5 {[%clk 0:23:05]} 44.
Bxd5 {[%clk 0:20:32]} Qc7 {[%clk 0:19:23]} 45. Qxc7 {[%clk 0:16:55]} Bxc7 {[%clk
0:19:51]} 46. Kf2 {[%clk 0:14:59]} h4 {[%clk 0:19:12]} 47. gxh4 {[%clk 0:14:22]}
Bxh2 {[%clk 0:19:33]} 48. b5 {[%clk 0:14:31]} Bd6 {[%clk 0:19:03]} 49. a4 {[%clk
0:14:57]} Bc7 {[%clk 0:15:27]} 50. e4 {[%clk 0:12:50]} f5 {[%clk 0:13:12]} 51.
exf5 {[%clk 0:11:40]} gxf5 {[%clk 0:13:37]} 52. Ke3 {[%clk 0:11:40]} Kf6 {[%clk
0:12:17]} 53. Kd4 {[%clk 0:10:22]} Bb6+ {[%clk 0:09:53]} 54. Kc4 {[%clk 0:10:47]}
f4 {[%clk 0:09:28]} 55. Bf3 {[%clk 0:11:02]} Ke5 {[%clk 0:09:18]} 56. h5 {[%clk
0:11:24]} Be3 {[%clk 0:07:54]} 57. a5 {[%clk 0:11:43]} Bf2 {[%clk 0:06:19]} 58.
Kd3 {[%clk 0:10:35]} Kf6 {[%clk 0:06:27]} 59. Ke4 {[%clk 0:10:58]} Be3 {[%clk
0:06:25]} 60. Be2 {[%clk 0:09:11]} Kg5 {[%clk 0:06:16]} 61. Ke5 {[%clk 0:09:17]}
Kh6 {[%clk 0:04:58]} 62. Kf5 {[%clk 0:05:30]} Kh7 {[%clk 0:05:19]} 63. Bf3 {[%clk
0:05:54]} Kh8 {[%clk 0:05:21]} 64. Ke6 {[%clk 0:02:18]} Kh7 {[%clk 0:05:09]} 65.
Kd5 {[%clk 0:02:38]} Kg7 {[%clk 0:05:30]} 66. Kc6 {[%clk 0:03:03]} Kh8 {[%clk
0:05:39]} 67. b6 {[%clk 0:03:22]} Bxb6 {[%clk 0:05:36]} 68. axb6 {[%clk 0:03:47]}
axb6 {[%clk 0:06:03]} 69. Kxb6 {[%clk 0:04:13]} Kh7 {[%clk 0:06:29]} 70. Kc5
{[%clk 0:04:03]} Kh8 {[%clk 0:06:52]} 1/2-1/2

[Event "Women's Baku Chess Olympiad"]
[Site "chess24.com"]
[Date "2016.09.10"]
[Round "8"]
[White "Zuriel, Marisa"]
[Black "Javakhishvili, Lela"]
[Result "1/2-1/2"]
[Board "2"]
[WhiteID "109142"]
[WhiteElo "2272"]
[WhiteTitle "WIM"]
[WhiteCountry "ARG"]
[WhiteFideId "109142"]
[WhiteEloChange "5"]
[BlackID "13601458"]
[BlackElo "2486"]
[BlackTitle "IM"]
[BlackCountry "GEO"]
[BlackFideId "13601458"]
[BlackEloChange "-3"]

1. e4 {[%clk 1:30:56]} e5 {[%clk 1:30:55]} 2. Nf3 {[%clk 1:31:19]} Nc6 {[%clk
1:31:21]} 3. Bc4 {[%clk 1:31:37]} Nf6 {[%clk 1:31:44]} 4. d3 {[%clk 1:31:56]} Be7
{[%clk 1:32:07]} 5. O-O {[%clk 1:31:48]} O-O {[%clk 1:32:29]} 6. Bb3 {[%clk
1:32:03]} d5 {[%clk 1:31:51]} 7. exd5 {[%clk 1:30:45]} Nxd5 {[%clk 1:32:16]} 8.
h3 {[%clk 1:31:09]} Nf4 {[%clk 1:23:34]} 9. Re1 {[%clk 1:27:27]} Bd6 {[%clk
1:15:20]} 10. Nc3 {[%clk 1:12:01]} Qf6 {[%clk 1:10:52]} 11. Ne4 {[%clk 1:07:37]}
Qg6 {[%clk 1:09:58]} 12. Bxf4 {[%clk 1:03:06]} exf4 {[%clk 1:10:21]} 13. Nh4
{[%clk 0:48:37]} Qh6 {[%clk 1:10:14]} 14. Nxd6 {[%clk 0:48:57]} cxd6 {[%clk
1:07:09]} 15. Nf3 {[%clk 0:46:48]} Qf6 {[%clk 1:02:51]} 16. c3 {[%clk 0:46:12]}
Bf5 {[%clk 1:01:50]} 17. d4 {[%clk 0:44:21]} Rae8 {[%clk 0:55:48]} 18. Bd5 {[%clk
0:42:48]} Rxe1+ {[%clk 0:50:16]} 19. Qxe1 {[%clk 0:42:49]} g5 {[%clk 0:48:53]}
20. Qe2 {[%clk 0:24:43]} h5 {[%clk 0:42:51]} 21. Nh2 {[%clk 0:24:48]} Qg6 {[%clk
0:34:09]} 22. Bf3 {[%clk 0:23:31]} Bd3 {[%clk 0:28:49]} 23. Qd2 {[%clk 0:23:32]}
Bf5 {[%clk 0:27:28]} 24. Qe2 {[%clk 0:21:41]} Bd3 {[%clk 0:27:40]} 25. Qd2 {[%clk
0:21:05]} Bf5 {[%clk 0:18:42]} 26. Qe2 {[%clk 0:14:48]} Bd3 {[%clk 0:17:23]}
1/2-1/2

[Event "Women's Baku Chess Olympiad"]
[Site "chess24.com"]
[Date "2016.09.10"]
[Round "8"]
[White "Khotenashvili, Bela"]
[Black "Fernandez, Maria Florencia"]
[Result "1-0"]
[Board "3"]
[WhiteID "13602640"]
[WhiteElo "2463"]
[WhiteTitle "GM"]
[WhiteCountry "GEO"]
[WhiteFideId "13602640"]
[WhiteEloChange "2"]
[BlackID "116459"]
[BlackElo "2189"]
[BlackTitle "WIM"]
[BlackCountry "ARG"]
[BlackFideId "116459"]
[BlackEloChange "-3"]

1. d4 {[%clk 1:30:56]} Nf6 {[%clk 1:30:51]} 2. c4 {[%clk 1:31:21]} g6 {[%clk
1:31:17]} 3. g3 {[%clk 1:31:45]} Bg7 {[%clk 1:31:42]} 4. Bg2 {[%clk 1:32:11]} d6
{[%clk 1:32:07]} 5. Nc3 {[%clk 1:32:10]} O-O {[%clk 1:32:31]} 6. Nf3 {[%clk
1:32:30]} Nc6 {[%clk 1:32:47]} 7. O-O {[%clk 1:32:38]} Bf5 {[%clk 1:33:05]} 8. d5
{[%clk 1:32:39]} Na5 {[%clk 1:33:12]} 9. Nd2 {[%clk 1:33:02]} c5 {[%clk 1:32:45]}
10. e4 {[%clk 1:33:05]} Bd7 {[%clk 1:32:26]} 11. Qc2 {[%clk 1:33:15]} a6 {[%clk
1:32:25]} 12. b3 {[%clk 1:33:05]} b5 {[%clk 1:32:34]} 13. Bb2 {[%clk 1:33:11]}
bxc4 {[%clk 1:31:53]} 14. bxc4 {[%clk 1:33:31]} Rb8 {[%clk 1:30:23]} 15. Rab1
{[%clk 1:33:36]} Qc7 {[%clk 1:22:32]} 16. Ne2 {[%clk 1:30:38]} Rb4 {[%clk
1:12:53]} 17. Bc3 {[%clk 1:24:22]} Ra4 {[%clk 1:08:58]} 18. Ba1 {[%clk 1:09:22]}
Rb8 {[%clk 0:51:18]} 19. Rxb8+ {[%clk 1:08:25]} Qxb8 {[%clk 0:51:43]} 20. Nf4
{[%clk 0:51:26]} Qb4 {[%clk 0:36:27]} 21. Rb1 {[%clk 0:28:58]} Qa3 {[%clk
0:36:26]} 22. Rb8+ {[%clk 0:29:07]} Bf8 {[%clk 0:32:30]} 23. Bb2 {[%clk 0:21:27]}
Qxa2 {[%clk 0:32:12]} 24. Nd3 {[%clk 0:21:42]} Rxc4 {[%clk 0:17:08]} 25. Nxc4
{[%clk 0:21:30]} Qxc4 {[%clk 0:14:23]} 26. Qxc4 {[%clk 0:19:24]} Nxc4 {[%clk
0:14:49]} 27. Bc3 {[%clk 0:18:04]} Bb5 {[%clk 0:12:41]} 28. Nb2 {[%clk 0:12:27]}
Na3 {[%clk 0:07:12]} 29. Nd1 {[%clk 0:10:27]} Nb1 {[%clk 0:06:22]} 30. Ba5 {[%clk
0:06:47]} Kg7 {[%clk 0:05:49]} 31. Ne3 {[%clk 0:06:08]} Nd7 {[%clk 0:04:07]} 32.
Rb7 {[%clk 0:06:19]} Ne5 {[%clk 0:01:16]} 33. f4 {[%clk 0:05:38]} Nd3 {[%clk
0:00:52]} 34. Bf1 {[%clk 0:06:03]} c4 {[%clk 0:00:52]} 35. Nxc4 {[%clk 0:03:09]}
Nc5 {[%clk 0:00:59]} 36. Rc7 {[%clk 0:02:06]} Nxe4 {[%clk 0:01:04]} 37. Ne3
{[%clk 0:01:51]} Nc5 {[%clk 0:00:41]} 38. Bb4 {[%clk 0:01:09]} Bxf1 {[%clk
0:00:33]} 39. Bxc5 {[%clk 0:01:06]} Bb5 {[%clk 0:00:42]} 40. Bb4 {[%clk 0:31:18]}
Kh6 {[%clk 0:30:33]} 41. Rc1 {[%clk 0:30:18]} a5 {[%clk 0:25:57]} 42. Bxa5 {[%clk
0:30:03]} 1-0